Những chú chó bán hàng : Làm bùng nổ thu nhập mà không cần chiến lược tấn công /
Na minha lista:
| Autor principal: | |
|---|---|
| Outros Autores: | |
| Formato: | Sách giấy |
| Idioma: | Vietnamese English |
| Publicado em: |
Tp. Hồ Chí Minh :
Trẻ,
2019.
|
| Assuntos: | |
| Tags: |
Adicionar Tag
Sem tags, seja o primeiro a adicionar uma tag!
|
| Thư viện lưu trữ: | Thư viện Trường Đại học Đà Lạt |
|---|
| LEADER | 00966nam a2200349 4500 | ||
|---|---|---|---|
| 001 | DLU210196255 | ||
| 005 | ##20210506 | ||
| 020 | # | # | |a 9786041122710 |
| 040 | # | # | |a DLU |b vie |
| 041 | # | # | |a vie |h eng |
| 044 | # | # | |a vn |
| 082 | # | # | |a 658.85 |b SI-B |
| 100 | # | # | |a Singer, Blair. |
| 245 | # | # | |a Những chú chó bán hàng : |b Làm bùng nổ thu nhập mà không cần chiến lược tấn công / |c Blair Singer; Xuân Quỳnh dịch |
| 246 | # | # | |a Salesdogs |
| 260 | # | # | |a Tp. Hồ Chí Minh : |b Trẻ, |c 2019. |
| 300 | # | # | |a 351 tr. : |b minh họa; |c 20 cm. |
| 650 | # | # | |a Bán hàng. |
| 650 | # | # | |a Marketing. |
| 650 | # | # | |a Quản lý doanh số. |
| 700 | # | # | |a Xuân Quỳnh, |e dịch. |
| 923 | # | # | |a 03/2020 |
| 991 | # | # | |a SH |
| 992 | # | # | |a 120000 |
| 994 | # | # | |a DLU |
| 900 | # | # | |a True |
| 911 | # | # | |a Nguyễn Thanh Hương |
| 925 | # | # | |a G |
| 926 | # | # | |a A |
| 927 | # | # | |a SH |
| 980 | # | # | |a Thư viện Trường Đại học Đà Lạt |


